000 00883nam a2200277zi 4500
003 OSt
005 20260530115255.0
008 260506b2007 |||||||| |||| 00| 0 eng d
020 _a9789063691714
020 _a9789063695330
_qrústica
040 _aICI
_bspa
_cICI
_erda
041 _aeng
050 _aTS171.8
_bE37 2007
100 1 _aEissen, Koos,
_e autor
_930321
245 1 0 _aSketching : |b drawing techniques for product designers /
_cKoos Eissen and Roselien Steur
264 1 _aAmsterdam :
_bBis,
_c2008
300 _a255 páginas :
_b ilustraciones
336 _atexto
_2rdacontent
337 _asin medio
_2rdamedia
338 _avolumen
_2rdacarrier
500 _a"Paperback edition, first printing 2020" -- reverso de portada
650 _aDibujo técnico
650 _aDiseño industrial
_915218
700 1 _aSteur, Roselien
_eautor
_930323
942 _2lcc
_cBK
_n1
999 _c12553
_d12553